Представление документа в формате RUSMARC

ПолеНазваниеЗначение
  Тип записи a
  Библиографический уровень c
001 Контрольный номер f874f457fbc64e41a3da4f034375c839
005 Дата корректировки 20201206205150.2
010 Индекс ISBN __
a ISBN 978-5-04-090901-8 (в пер.)
d Цена 328-90, 8000 экз.
100 Данные общей обработки __
a Данные общей обработки 19181116d2018||||||| 0rusy0189 ca
101 Язык документа 0_
a Язык текста rus
102 Страна публикации __
a Страна публикации ru
102 Страна публикации __
a Страна публикации RU
105 Кодированные данные (монография) __
a Кодированные данные (монография) #|||||||000zy
200 Заглавие и сведения об ответственности 1_
a Заглавие Такова жизнь
e Сведения, относящиеся к заглавию [сборник]
f Первые сведения об ответственности Мария Метлицкая
b Общее обозначение материала Текст
210 Выходные данные __
a Место издания Москва
c Издательство Э
d Дата издания 2018
215 Физическое описание __
a Объем 313, [2] c.
d Формат 22 см
225 Серия __
a Серия Негромкие люди Марии Метлицкой. Рассказы разных лет
327 Примечание о содержании __
a Примечание о содержании На всю оставшуюся жизнь
327 Примечание о содержании __
a Примечание о содержании Такова жизнь
327 Примечание о содержании __
a Примечание о содержании Ночной звонок
327 Примечание о содержании __
a Примечание о содержании Закон природы
327 Примечание о содержании __
a Примечание о содержании Зика
327 Примечание о содержании __
a Примечание о содержании Параллельные жизни созвездия Близнецов
327 Примечание о содержании __
a Примечание о содержании Шуба
327 Примечание о содержании __
a Примечание о содержании Вторая натура
327 Примечание о содержании __
a Примечание о содержании Хоть бога к себе призови
327 Примечание о содержании __
a Примечание о содержании Все как обычно
327 Примечание о содержании __
a Примечание о содержании Женщина-отгадка
327 Примечание о содержании __
a Примечание о содержании Мои университеты
327 Примечание о содержании __
a Примечание о содержании Близкие люди
327 Примечание о содержании __
a Примечание о содержании Дорогая Валерия
327 Примечание о содержании __
a Примечание о содержании Негромкие люди
327 Примечание о содержании __
a Примечание о содержании Проще не бывает
327 Примечание о содержании __
a Примечание о содержании Победители
327 Примечание о содержании __
a Примечание о содержании Прелесть. О странностях любви
327 Примечание о содержании __
a Примечание о содержании Родная кровь
327 Примечание о содержании __
a Примечание о содержании Уроки музы
327 Примечание о содержании __
a Примечание о содержании Честное слово
330 Аннотация __
a Аннотация "Такова жизнь". Сколько раз каждый из нас слышал, да и сам повторял эти слова, сетуя на несправедливость судьбы, невозможность что-либо в ней изменить. Герои рассказов, собранных в этой книге, прекрасно знают, что такое потери, разочарования, предательство. Но знают они и другое: жизнь стоит того, чтобы ценить каждое ее мгновение. Невозможно прожить без трудностей и проблем. Но без дождя не бывает радуги, без осенней грязи не бывает белого чистого снега. Черная полоса обязательно сменяется белой. Такова жизнь. И ее надо любить такой, какая она есть.
333 Примечание о целевом назначении __
a Примечание о целевом назначении 16+. Для детей старше 16 лет
606 Тематические рубрики __
a Основная рубрика Художественная литература
606 Тематические рубрики __
a Основная рубрика Современная русская литература (произведения)
610 Ключевые слова __
a Ключевые слова женская проза
a Ключевые слова женские рассказы
a Ключевые слова рассказы
a Ключевые слова тема жизни
a Ключевые слова тема людей
a Ключевые слова тема женского счастья
a Ключевые слова тема повседневности
a Ключевые слова тема счастья
a Ключевые слова тема любви
686 Индексы других классификаций __
2 Код системы rubbks
a Классификационный индекс 84(2=411.2)6-4; ст84(2Рос=Рус)6-4
700 Автор _1
a Фамилия Метлицкая
b Имя М.
f Даты 1959-
g Полное личное имя Мария
4 Код отношения 070
801 Источник записи _0
a Страна ru
b Организация Муниципальное бюджетное учреждение культуры "Централизованная библиотечная система" г. Сургут (Центральная городская библиотека им. А. С. Пушкина)
c Дата составления 20181116
g Правила каталогизации PSBO
801 Источник записи _1
a Страна ru
b Организация Муниципальное бюджетное учреждение культуры "Централизованная библиотечная система" г. Сургут (Центральная городская библиотека им. А. С. Пушкина)
c Дата составления 20181116
g Правила каталогизации PSBO
852 Данные о местонахождении __
j Шифр хранения 84(2=411.2)6-4
i Авторский знак М 54
901 Тип документа __
t Тип документа x
a Ответственный ООФиК/Волкова
903 Характеристики (МАРС) __
a Дата передачи 20181116
990 Данные о заказе (DOS) __
j Количество экземпляров (DOS) 7
t N записи в КСУ для И/У (DOS) 201811